Biggest Cities On The Mississippi River - Statistics

General Stats
  • This quiz has been taken 36 times
  • The average score is 7 of 10
Answer Stats
State Population Answer % Correct
Louisiana 362,136 New Orleans
100%
Tennessee 619,639 Memphis
97%
Minnesota 425,115 Minneapolis
97%
Missouri 281,754 Saint Louis
97%
Louisiana 219,573 Baton Rouge
94%
Minnesota 303,820 Saint Paul
94%
Iowa 100,354 Davenport
61%
Wisconsin 51,327 La crosse
29%
Minnesota 71,013 Saint Cloud
29%
Illinois 100,344 Quad Cities
6%
No matching quizzes found
Score Distribution
Percent of People with Each Score
Percentile by Number Answered
Your Score History
You have not taken this quiz